[Event "45th FIDE Chess Olympiad Open"]
[Site "Budapest, Hungary"]
[Date "2024.09.22"]
[Round "11"]
[White "Ssegwanyi, Arthur"]
[Black "Mafaaz Khalid"]
[Result "0-1"]
[Board "221"]
[WhiteFideId "10000100"]
[BlackFideId "7818424"]
[WhiteTitle "IM"]
[WhiteElo "2365"]
[BlackElo "2069"]
[WhiteTeam "Uganda"]
[BlackTeam "Pakistan"]
[WhiteClock "0:17:54"]
[BlackClock "0:06:29"]
[Variant "Standard"]

1. e4 {[%clk 1:30:52]}  e5 {[%clk 1:30:50]} 2. Nf3 {[%clk 1:31:12]}  Nc6 {[%clk 1:31:06]} 3. Nc3 {[%clk 1:31:37]}  Nf6 {[%clk 1:31:04]} 4. Bb5 {[%clk 1:31:56]}  Nd4 {[%clk 1:31:11]} 5. O-O {[%clk 1:31:47]}  Nxb5 {[%clk 1:28:48]} 6. Nxb5 {[%clk 1:32:08]}  c6 {[%clk 1:28:26]} 7. Nc3 {[%clk 1:32:14]}  d6 {[%clk 1:27:33]} 8. d4 {[%clk 1:31:35]}  Qc7 {[%clk 1:27:30]} 9. a4 {[%clk 1:30:36]}  Bg4 {[%clk 1:27:26]} 10. Be3 {[%clk 1:30:12]}  Be7 {[%clk 1:25:46]} 11. h3 {[%clk 1:29:34]}  Bh5 {[%clk 1:25:45]} 12. Qe2 {[%clk 1:26:14]}  Nd7 {[%clk 1:21:40]} 13. a5 {[%clk 1:24:16]}  O-O {[%clk 1:13:54]} 14. Rfd1 {[%clk 1:23:52]}  exd4 {[%clk 1:03:04]} 15. Bxd4 {[%clk 1:20:30]}  Rfe8 {[%clk 1:01:34]} 16. Qd3 {[%clk 1:17:41]}  Qd8 {[%clk 0:50:18]} 17. Ne2 {[%clk 1:14:35]}  Bf8 {[%clk 0:39:19]} 18. Nf4 {[%clk 1:07:18]}  Bxf3 {[%clk 0:38:26]} 19. Qxf3 {[%clk 1:07:45]}  Qg5 {[%clk 0:38:14]} 20. Nd3 {[%clk 1:04:10]}  Qb5 {[%clk 0:34:37]} 21. Bc3 {[%clk 0:57:31]}  Qc4 {[%clk 0:32:53]} 22. Re1 {[%clk 0:52:37]}  b5 {[%clk 0:32:12]} 23. axb6 {[%clk 0:51:28]}  axb6 {[%clk 0:31:44]} 24. Qg4 {[%clk 0:46:03]}  Qe6 {[%clk 0:24:38]} 25. f3 {[%clk 0:46:05]}  b5 {[%clk 0:20:45]} 26. Nb4 {[%clk 0:44:59]}  c5 {[%clk 0:14:08]} 27. Nd5 {[%clk 0:32:14]}  b4 {[%clk 0:14:34]} 28. Bd2 {[%clk 0:32:12]}  Nf6 {[%clk 0:11:55]} 29. Qxe6 {[%clk 0:32:09]}  fxe6 {[%clk 0:11:58]} 30. Nb6 {[%clk 0:32:37]}  Rab8 {[%clk 0:11:28]} 31. Ra6 {[%clk 0:32:48]}  Red8 {[%clk 0:09:13]} 32. Bf4 {[%clk 0:31:49]}  Ne8 {[%clk 0:08:30]} 33. b3 {[%clk 0:28:20]}  Nc7 {[%clk 0:08:07]} 34. Ra7 {[%clk 0:28:39]}  Nb5 {[%clk 0:08:19]} 35. Ra6 {[%clk 0:25:14]}  Nd4 {[%clk 0:08:42]} 36. Bg5 {[%clk 0:19:43]}  Nxc2 {[%clk 0:08:37]} 37. Bxd8 {[%clk 0:16:58]}  Nxe1 {[%clk 0:08:40]} 38. Bh4 {[%clk 0:14:25]}  Nc2 {[%clk 0:08:02]} 39. Nd7 {[%clk 0:14:49]}  Rb7 {[%clk 0:07:29]} 40. Nxf8 {[%clk 0:09:12]}  Kxf8 {[%clk 0:07:44]} 41. Bg3 {[%clk 0:09:18]}  c4 {[%clk 0:03:54]} 42. Bxd6+ {[%clk 0:08:42]}  Kf7 {[%clk 0:29:36]} 43. Ra2 {[%clk 0:37:30]}  cxb3 {[%clk 0:25:29]} 44. Rb2 {[%clk 0:37:59]}  Rd7 {[%clk 0:19:51]} 45. e5 {[%clk 0:38:00]}  Nd4 {[%clk 0:18:20]} 46. Kf2 {[%clk 0:38:03]}  Rb7 {[%clk 0:14:46]} 47. g4 {[%clk 0:37:34]}  Rb5 {[%clk 0:14:33]} 48. f4 {[%clk 0:37:25]}  Ra5 {[%clk 0:11:46]} 49. Bxb4 {[%clk 0:32:47]}  Ra2 {[%clk 0:11:23]} 50. Bc3 {[%clk 0:33:06]}  Nb5 {[%clk 0:11:21]} 51. Rxa2 {[%clk 0:33:34]}  bxa2 {[%clk 0:11:31]} 52. Bb2 {[%clk 0:34:02]}  Na3 {[%clk 0:11:13]} 53. Ke2 {[%clk 0:34:29]}  Nc4 {[%clk 0:08:40]} 54. Ba1 {[%clk 0:34:18]}  g6 {[%clk 0:06:58]} 55. Kd3 {[%clk 0:33:26]}  Nb6 {[%clk 0:07:05]} 56. Ke4 {[%clk 0:33:33]}  Nd5 {[%clk 0:07:02]} 57. Bb2 {[%clk 0:26:32]}  Nb4 {[%clk 0:07:10]} 58. Kd4 {[%clk 0:26:28]}  Ke7 {[%clk 0:06:44]} 59. Kc3 {[%clk 0:25:39]}  Nd5+ {[%clk 0:06:55]} 60. Kb3 {[%clk 0:25:51]}  Nxf4 {[%clk 0:07:08]} 61. h4 {[%clk 0:26:12]}  Ng2 {[%clk 0:06:22]} 62. h5 {[%clk 0:26:21]}  gxh5 {[%clk 0:06:08]} 63. gxh5 {[%clk 0:26:49]}  Nf4 {[%clk 0:06:20]} 64. h6 {[%clk 0:27:04]}  Kf7 {[%clk 0:05:57]} 65. Kxa2 {[%clk 0:27:28]}  Kg6 {[%clk 0:06:18]} 66. Kb3 {[%clk 0:19:49]}  Kxh6 {[%clk 0:06:38]} 67. Kc4 {[%clk 0:20:07]}  Kg5 {[%clk 0:06:59]} 68. Kd4 {[%clk 0:20:02]}  Kg4 {[%clk 0:06:20]} 69. Ke3 {[%clk 0:17:53]}  h5 {[%clk 0:06:35]} 70. Ba3 {[%clk 0:17:54]}  Kg3 {[%clk 0:06:29]} 0-1

[Event "45th FIDE Chess Olympiad Open"]
[Site "Budapest, Hungary"]
[Date "2024.09.22"]
[Round "11"]
[White "Amer Karim"]
[Black "Kawuma, Patrick"]
[Result "1/2-1/2"]
[Board "222"]
[WhiteFideId "7800053"]
[BlackFideId "10000127"]
[WhiteTitle "FM"]
[BlackTitle "FM"]
[WhiteElo "2081"]
[BlackElo "2207"]
[WhiteTeam "Pakistan"]
[BlackTeam "Uganda"]
[WhiteClock "0:01:01"]
[BlackClock "0:00:44"]
[Variant "Standard"]

1. d4 {[%clk 1:30:57]}  Nf6 {[%clk 1:30:50]} 2. c4 {[%clk 1:31:25]}  c5 {[%clk 1:31:02]} 3. Nf3 {[%clk 1:30:08]}  cxd4 {[%clk 1:30:43]} 4. Nxd4 {[%clk 1:30:32]}  b6 {[%clk 1:26:23]} 5. Nc3 {[%clk 1:30:20]}  Bb7 {[%clk 1:26:52]} 6. Qc2 {[%clk 1:28:18]}  e6 {[%clk 1:22:46]} 7. Bg5 {[%clk 1:24:33]}  d6 {[%clk 1:18:25]} 8. e4 {[%clk 1:24:22]}  Nbd7 {[%clk 1:18:17]} 9. Be2 {[%clk 1:23:02]}  a6 {[%clk 1:16:00]} 10. O-O {[%clk 1:22:22]}  Be7 {[%clk 1:16:17]} 11. Rfd1 {[%clk 1:21:55]}  Qc7 {[%clk 1:14:28]} 12. Rac1 {[%clk 1:21:00]}  O-O {[%clk 1:14:31]} 13. b3 {[%clk 1:18:23]}  Rac8 {[%clk 1:12:12]} 14. a4 {[%clk 1:16:34]}  Rfe8 {[%clk 1:09:06]} 15. h3 {[%clk 1:16:16]}  Nxe4 {[%clk 0:54:44]} 16. Bxe7 {[%clk 1:12:49]}  Nxc3 {[%clk 0:54:23]} 17. Bxd6 {[%clk 1:12:48]}  Nxe2+ {[%clk 0:54:40]} 18. Nxe2 {[%clk 1:13:09]}  Qc6 {[%clk 0:55:05]} 19. f3 {[%clk 1:12:25]}  e5 {[%clk 0:55:27]} 20. Ng3 {[%clk 1:08:55]}  Re6 {[%clk 0:51:04]} 21. Ba3 {[%clk 1:09:02]}  Nc5 {[%clk 0:46:49]} 22. b4 {[%clk 0:52:07]}  Qxa4 {[%clk 0:35:11]} 23. Qxa4 {[%clk 0:43:05]}  Nxa4 {[%clk 0:35:32]} 24. Nf5 {[%clk 0:42:56]}  g6 {[%clk 0:24:59]} 25. Nd6 {[%clk 0:29:31]}  Rc7 {[%clk 0:25:24]} 26. Nxb7 {[%clk 0:29:38]}  Rxb7 {[%clk 0:25:37]} 27. Rd8+ {[%clk 0:30:03]}  Kg7 {[%clk 0:25:54]} 28. Ra8 {[%clk 0:30:19]}  b5 {[%clk 0:22:42]} 29. c5 {[%clk 0:28:39]}  Rc6 {[%clk 0:22:25]} 30. Rd1 {[%clk 0:27:11]}  Kf6 {[%clk 0:19:12]} 31. Rd3 {[%clk 0:24:55]}  Ke7 {[%clk 0:17:40]} 32. Bc1 {[%clk 0:21:38]}  Rd7 {[%clk 0:17:35]} 33. Bg5+ {[%clk 0:18:38]}  f6 {[%clk 0:17:58]} 34. Rxd7+ {[%clk 0:19:02]}  Kxd7 {[%clk 0:18:24]} 35. Ra7+ {[%clk 0:19:23]}  Ke6 {[%clk 0:17:55]} 36. Bh6 {[%clk 0:19:07]}  Nb2 {[%clk 0:05:14]} 37. Rxh7 {[%clk 0:19:21]}  g5 {[%clk 0:05:21]} 38. h4 {[%clk 0:11:09]}  gxh4 {[%clk 0:03:35]} 39. Bd2 {[%clk 0:10:51]}  Nc4 {[%clk 0:02:29]} 40. Be1 {[%clk 0:10:56]}  h3 {[%clk 0:00:35]} 41. Rxh3 {[%clk 0:10:19]}  a5 {[%clk 0:27:58]} 42. bxa5 {[%clk 0:38:27]}  Ra6 {[%clk 0:22:17]} 43. f4 {[%clk 0:23:35]}  Kd5 {[%clk 0:20:02]} 44. fxe5 {[%clk 0:23:04]}  fxe5 {[%clk 0:20:21]} 45. Bb4 {[%clk 0:23:06]}  e4 {[%clk 0:19:58]} 46. Bc3 {[%clk 0:13:56]}  Nxa5 {[%clk 0:12:44]} 47. g4 {[%clk 0:13:02]}  Nc6 {[%clk 0:07:29]} 48. g5 {[%clk 0:06:53]}  Kxc5 {[%clk 0:06:10]} 49. g6 {[%clk 0:05:08]}  Nd4 {[%clk 0:06:16]} 50. Bxd4+ {[%clk 0:02:04]}  Kxd4 {[%clk 0:06:38]} 51. Rg3 {[%clk 0:02:32]}  Ra8 {[%clk 0:06:20]} 52. Kf2 {[%clk 0:01:14]}  Rg8 {[%clk 0:06:27]} 53. g7 {[%clk 0:01:25]}  b4 {[%clk 0:06:19]} 54. Rg6 {[%clk 0:01:36]}  b3 {[%clk 0:04:05]} 55. Rb6 {[%clk 0:01:04]}  Kc3 {[%clk 0:02:19]} 56. Rc6+ {[%clk 0:00:55]}  Kd2 {[%clk 0:02:35]} 57. Rd6+ {[%clk 0:01:17]}  Kc2 {[%clk 0:02:55]} 58. Rc6+ {[%clk 0:01:40]}  Kb1 {[%clk 0:02:27]} 59. Rb6 {[%clk 0:01:53]}  b2 {[%clk 0:02:28]} 60. Rb7 {[%clk 0:02:17]}  Ra8 {[%clk 0:01:03]} 61. Ra7 {[%clk 0:00:54]}  Rg8 {[%clk 0:00:32]} 62. Ke2 {[%clk 0:01:02]}  Rc8 {[%clk 0:00:33]} 63. Rc7 {[%clk 0:01:05]}  Ra8 {[%clk 0:00:32]} 64. Ra7 {[%clk 0:01:24]}  Rg8 {[%clk 0:00:34]} 65. Rb7 {[%clk 0:01:43]}  Kc2 {[%clk 0:00:43]} 66. Rc7+ {[%clk 0:02:09]}  Kb3 {[%clk 0:01:04]} 67. Rb7+ {[%clk 0:02:33]}  Kc3 {[%clk 0:01:19]} 68. Ke3 {[%clk 0:00:57]}  Rc8 {[%clk 0:00:32]} 69. Kxe4 {[%clk 0:01:00]}  Kc2 {[%clk 0:00:44]} 70. Kf5 {[%clk 0:01:01]} 1/2-1/2

[Event "45th FIDE Chess Olympiad Open"]
[Site "Budapest, Hungary"]
[Date "2024.09.22"]
[Round "11"]
[White "Egesa emmanuel"]
[Black "Momin Fayzan"]
[Result "1/2-1/2"]
[Board "223"]
[WhiteFideId "10009019"]
[BlackFideId "7805225"]
[WhiteTitle "CM"]
[WhiteElo "2128"]
[BlackElo "2064"]
[WhiteTeam "Uganda"]
[BlackTeam "Pakistan"]
[WhiteClock "0:25:53"]
[BlackClock "0:43:10"]
[Variant "Standard"]

1. d4 {[%clk 1:30:56]}  Nf6 {[%clk 1:30:54]} 2. c4 {[%clk 1:31:13]}  e6 {[%clk 1:31:19]} 3. Nf3 {[%clk 1:30:53]}  b6 {[%clk 1:31:42]} 4. g3 {[%clk 1:30:12]}  Bb7 {[%clk 1:32:05]} 5. Bg2 {[%clk 1:30:31]}  Bb4+ {[%clk 1:32:27]} 6. Bd2 {[%clk 1:29:12]}  Bxd2+ {[%clk 1:32:51]} 7. Nbxd2 {[%clk 1:29:34]}  O-O {[%clk 1:32:53]} 8. Qc2 {[%clk 1:29:38]}  c5 {[%clk 1:33:08]} 9. e4 {[%clk 1:21:52]}  cxd4 {[%clk 1:26:58]} 10. Nxd4 {[%clk 1:22:14]}  d6 {[%clk 1:26:49]} 11. O-O {[%clk 1:21:30]}  a6 {[%clk 1:27:15]} 12. Rfd1 {[%clk 1:19:11]}  Nbd7 {[%clk 1:27:30]} 13. Rac1 {[%clk 1:17:40]}  Qc7 {[%clk 1:27:16]} 14. Qd3 {[%clk 1:12:20]}  Rac8 {[%clk 1:27:06]} 15. b3 {[%clk 1:09:46]}  Rfe8 {[%clk 1:20:42]} 16. h3 {[%clk 1:06:51]}  Qb8 {[%clk 1:12:24]} 17. Nc2 {[%clk 1:00:28]}  Nc5 {[%clk 1:07:18]} 18. Qd4 {[%clk 0:58:33]}  e5 {[%clk 1:03:31]} 19. Qe3 {[%clk 0:58:25]}  Qa8 {[%clk 1:02:45]} 20. Re1 {[%clk 0:51:23]}  b5 {[%clk 1:02:13]} 21. Qe2 {[%clk 0:47:06]}  bxc4 {[%clk 0:56:29]} 22. Nxc4 {[%clk 0:36:55]}  Qb8 {[%clk 0:56:18]} 23. Nd2 {[%clk 0:36:02]}  d5 {[%clk 0:49:25]} 24. exd5 {[%clk 0:35:43]}  e4 {[%clk 0:47:29]} 25. Nb4 {[%clk 0:31:07]}  Nxd5 {[%clk 0:46:55]} 26. Nxd5 {[%clk 0:30:56]}  Bxd5 {[%clk 0:47:16]} 27. Red1 {[%clk 0:26:13]}  Qb4 {[%clk 0:31:22]} 28. Nf1 {[%clk 0:18:46]}  Be6 {[%clk 0:28:55]} 29. Qe3 {[%clk 0:17:26]}  f5 {[%clk 0:27:47]} 30. Qd4 {[%clk 0:14:34]}  a5 {[%clk 0:21:07]} 31. Ne3 {[%clk 0:10:08]}  Nd3 {[%clk 0:19:41]} 32. Qxb4 {[%clk 0:10:13]}  Nxb4 {[%clk 0:19:09]} 33. Ra1 {[%clk 0:04:09]}  Red8 {[%clk 0:19:00]} 34. Rxd8+ {[%clk 0:02:56]}  Rxd8 {[%clk 0:19:28]} 35. Bf1 {[%clk 0:03:10]}  Rd2 {[%clk 0:18:14]} 36. Bc4 {[%clk 0:01:51]}  Bxc4 {[%clk 0:16:25]} 37. Nxc4 {[%clk 0:02:20]}  Rd5 {[%clk 0:16:38]} 38. a3 {[%clk 0:01:39]}  Nc2 {[%clk 0:16:57]} 39. Rb1 {[%clk 0:00:50]}  Rb5 {[%clk 0:15:44]} 40. Nd6 {[%clk 0:00:51]}  Rd5 {[%clk 0:13:45]} 41. Rc1 {[%clk 0:27:11]}  Rxd6 {[%clk 0:43:44]} 42. Rxc2 {[%clk 0:25:53]}  Rd3 {[%clk 0:43:10]} 1/2-1/2

[Event "45th FIDE Chess Olympiad Open"]
[Site "Budapest, Hungary"]
[Date "2024.09.22"]
[Round "11"]
[White "Mudasir, Iqbal"]
[Black "Nsubuga, Haruna"]
[Result "1-0"]
[Board "224"]
[WhiteFideId "7801114"]
[BlackFideId "10000569"]
[BlackTitle "FM"]
[WhiteElo "2055"]
[BlackElo "2243"]
[WhiteTeam "Pakistan"]
[BlackTeam "Uganda"]
[WhiteClock "0:13:52"]
[BlackClock "0:01:20"]
[Variant "Standard"]

1. e4 {[%clk 1:30:54]}  c6 {[%clk 1:30:54]} 2. d4 {[%clk 1:31:11]}  d5 {[%clk 1:31:18]} 3. f3 {[%clk 1:31:19]}  e6 {[%clk 1:28:58]} 4. Nc3 {[%clk 1:31:31]}  Bb4 {[%clk 1:28:42]} 5. Bf4 {[%clk 1:31:10]}  dxe4 {[%clk 1:26:59]} 6. fxe4 {[%clk 1:30:55]}  Nf6 {[%clk 1:27:22]} 7. Qd3 {[%clk 1:29:37]}  Qa5 {[%clk 1:20:27]} 8. Nge2 {[%clk 1:28:41]}  b6 {[%clk 1:20:21]} 9. Bxb8 {[%clk 1:13:17]}  Rxb8 {[%clk 1:18:36]} 10. Qg3 {[%clk 1:11:50]}  Ke7 {[%clk 1:18:51]} 11. Qxb8 {[%clk 1:06:39]}  Bd6 {[%clk 1:19:08]} 12. Qa8 {[%clk 0:59:29]}  Bb4 {[%clk 1:08:51]} 13. Qxc6 {[%clk 0:49:57]}  Bd7 {[%clk 1:09:19]} 14. Qc7 {[%clk 0:49:09]}  Bd6 {[%clk 1:03:08]} 15. Qc4 {[%clk 0:46:35]}  Nxe4 {[%clk 1:03:18]} 16. Qd3 {[%clk 0:45:04]}  f5 {[%clk 1:02:53]} 17. Ng3 {[%clk 0:38:34]}  Rc8 {[%clk 0:58:25]} 18. Ngxe4 {[%clk 0:37:07]}  fxe4 {[%clk 0:58:53]} 19. Qe3 {[%clk 0:27:48]}  Bb4 {[%clk 0:59:04]} 20. Kd1 {[%clk 0:25:52]}  Bxc3 {[%clk 0:47:22]} 21. bxc3 {[%clk 0:26:08]}  Rxc3 {[%clk 0:45:48]} 22. Qxe4 {[%clk 0:25:48]}  Ba4 {[%clk 0:43:11]} 23. Bd3 {[%clk 0:24:51]}  Qh5+ {[%clk 0:43:24]} 24. g4 {[%clk 0:23:56]}  Qh3 {[%clk 0:42:00]} 25. Kd2 {[%clk 0:18:13]}  Bc6 {[%clk 0:23:08]} 26. Qe3 {[%clk 0:18:06]}  Qxe3+ {[%clk 0:18:57]} 27. Kxe3 {[%clk 0:18:32]}  Bxh1 {[%clk 0:19:06]} 28. Rxh1 {[%clk 0:18:53]}  Ra3 {[%clk 0:19:23]} 29. Ra1 {[%clk 0:17:05]}  h6 {[%clk 0:19:32]} 30. h4 {[%clk 0:16:26]}  b5 {[%clk 0:16:30]} 31. Kf4 {[%clk 0:14:59]}  a6 {[%clk 0:12:55]} 32. Ke5 {[%clk 0:14:51]}  b4 {[%clk 0:11:16]} 33. Bc4 {[%clk 0:14:40]}  g5 {[%clk 0:05:44]} 34. hxg5 {[%clk 0:14:38]}  hxg5 {[%clk 0:06:11]} 35. Bb3 {[%clk 0:14:11]}  a5 {[%clk 0:05:26]} 36. Rh1 {[%clk 0:14:08]}  a4 {[%clk 0:05:41]} 37. Rh7+ {[%clk 0:14:18]}  Kf8 {[%clk 0:03:47]} 38. Bxe6 {[%clk 0:13:47]}  Re3+ {[%clk 0:01:53]} 39. Kf6 {[%clk 0:13:55]}  Rf3+ {[%clk 0:02:19]} 40. Bf5 {[%clk 0:13:51]}  Kg8 {[%clk 0:01:20]} 41. Rb7 {[%clk 0:13:52]} 1-0

[Event "45th FIDE Chess Olympiad Open"]
[Site "Budapest, Hungary"]
[Date "2024.09.22"]
[Round "11"]
[White "Andrade, Ivan"]
[Black "Tissir, Mohamed"]
[Result "0-1"]
[Board "225"]
[WhiteFideId "14800039"]
[BlackFideId "9000240"]
[BlackTitle "IM"]
[WhiteElo "2132"]
[BlackElo "2355"]
[WhiteTeam "Mozambique"]
[BlackTeam "Morocco"]
[WhiteClock "0:42:43"]
[BlackClock "0:12:09"]
[Variant "Standard"]

1. e4 {[%clk 1:30:56]}  c5 {[%clk 1:30:44]} 2. Nf3 {[%clk 1:31:18]}  Nc6 {[%clk 1:31:07]} 3. Bb5 {[%clk 1:31:25]}  Na5 {[%clk 1:29:25]} 4. O-O {[%clk 1:29:43]}  a6 {[%clk 1:29:40]} 5. Bd3 {[%clk 1:28:20]}  b5 {[%clk 1:20:26]} 6. Re1 {[%clk 1:27:42]}  e6 {[%clk 1:20:21]} 7. c3 {[%clk 1:22:21]}  Bb7 {[%clk 1:15:12]} 8. Bc2 {[%clk 1:20:42]}  Rc8 {[%clk 0:54:10]} 9. d3 {[%clk 1:16:27]}  Qc7 {[%clk 0:54:04]} 10. Nbd2 {[%clk 1:14:25]}  Be7 {[%clk 0:53:30]} 11. Nf1 {[%clk 1:13:11]}  Nf6 {[%clk 0:53:40]} 12. Bg5 {[%clk 1:10:49]}  h6 {[%clk 0:46:57]} 13. Bh4 {[%clk 1:10:34]}  d6 {[%clk 0:47:12]} 14. h3 {[%clk 1:08:09]}  O-O {[%clk 0:47:02]} 15. Rc1 {[%clk 1:04:25]}  Nh7 {[%clk 0:34:25]} 16. Bg3 {[%clk 1:02:11]}  Nc6 {[%clk 0:31:04]} 17. Ne3 {[%clk 1:01:16]}  Rfd8 {[%clk 0:28:43]} 18. Bb1 {[%clk 1:00:53]}  Qb6 {[%clk 0:28:17]} 19. Qe2 {[%clk 0:59:11]}  Nf6 {[%clk 0:28:01]} 20. Red1 {[%clk 0:51:53]}  Re8 {[%clk 0:27:30]} 21. d4 {[%clk 0:50:02]}  cxd4 {[%clk 0:27:19]} 22. cxd4 {[%clk 0:50:23]}  Nxd4 {[%clk 0:27:20]} 23. Nxd4 {[%clk 0:50:26]}  Rxc1 {[%clk 0:27:46]} 24. Rxc1 {[%clk 0:50:45]}  Qxd4 {[%clk 0:28:14]} 25. f3 {[%clk 0:50:05]}  Nh5 {[%clk 0:23:46]} 26. Bf2 {[%clk 0:50:16]}  Nf4 {[%clk 0:24:12]} 27. Qf1 {[%clk 0:48:07]}  Qxb2 {[%clk 0:24:36]} 28. Rc2 {[%clk 0:48:26]}  Qa3 {[%clk 0:24:27]} 29. Rc7 {[%clk 0:47:00]}  Ba8 {[%clk 0:24:56]} 30. g3 {[%clk 0:44:24]}  Ng6 {[%clk 0:25:06]} 31. f4 {[%clk 0:44:31]}  Qa5 {[%clk 0:21:56]} 32. Qc1 {[%clk 0:44:36]}  Bf8 {[%clk 0:19:14]} 33. Qc2 {[%clk 0:43:29]}  Bxe4 {[%clk 0:16:48]} 34. Qxe4 {[%clk 0:43:55]}  Qxc7 {[%clk 0:17:12]} 35. f5 {[%clk 0:44:19]}  d5 {[%clk 0:15:17]} 36. Nxd5 {[%clk 0:44:23]}  Qc1+ {[%clk 0:15:15]} 37. Kh2 {[%clk 0:41:51]}  exd5 {[%clk 0:11:21]} 38. Qxe8 {[%clk 0:42:18]}  Qxb1 {[%clk 0:11:44]} 39. fxg6 {[%clk 0:42:43]}  Qxg6 {[%clk 0:12:09]} 0-1

[Event "45th FIDE Chess Olympiad Open"]
[Site "Budapest, Hungary"]
[Date "2024.09.22"]
[Round "11"]
[White "Elbilia, Jacques"]
[Black "Jamal, Hamid Harmon Gulamo"]
[Result "1-0"]
[Board "226"]
[WhiteFideId "9000127"]
[BlackFideId "14801221"]
[WhiteTitle "FM"]
[WhiteElo "2343"]
[BlackElo "1960"]
[WhiteTeam "Morocco"]
[BlackTeam "Mozambique"]
[WhiteClock "0:12:11"]
[BlackClock "0:20:59"]
[Variant "Standard"]

1. d4 {[%clk 1:30:55]}  Nf6 {[%clk 1:30:50]} 2. c4 {[%clk 1:31:12]}  g6 {[%clk 1:31:12]} 3. Nc3 {[%clk 1:31:33]}  Bg7 {[%clk 1:31:36]} 4. e4 {[%clk 1:31:52]}  d6 {[%clk 1:32:01]} 5. Nf3 {[%clk 1:32:08]}  O-O {[%clk 1:32:11]} 6. h3 {[%clk 1:31:50]}  e5 {[%clk 1:32:09]} 7. d5 {[%clk 1:32:09]}  a5 {[%clk 1:32:18]} 8. Bg5 {[%clk 1:30:37]}  h6 {[%clk 1:32:09]} 9. Be3 {[%clk 1:31:00]}  Na6 {[%clk 1:32:07]} 10. g4 {[%clk 1:30:23]}  h5 {[%clk 1:31:17]} 11. g5 {[%clk 1:25:03]}  Nh7 {[%clk 1:31:45]} 12. Rg1 {[%clk 1:14:32]}  f5 {[%clk 1:28:57]} 13. h4 {[%clk 0:56:47]}  b6 {[%clk 1:18:46]} 14. Be2 {[%clk 0:53:04]}  Nc5 {[%clk 1:16:50]} 15. Nd2 {[%clk 0:51:44]}  Qd7 {[%clk 1:13:07]} 16. Rh1 {[%clk 0:49:32]}  Na6 {[%clk 1:07:09]} 17. f3 {[%clk 0:49:18]}  Nc5 {[%clk 1:05:10]} 18. Qc2 {[%clk 0:46:02]}  Rf7 {[%clk 1:04:35]} 19. O-O-O {[%clk 0:44:21]}  f4 {[%clk 1:04:34]} 20. Bf2 {[%clk 0:44:36]}  Nf8 {[%clk 1:04:35]} 21. b3 {[%clk 0:43:01]}  Ba6 {[%clk 1:02:32]} 22. a3 {[%clk 0:41:32]}  Bb7 {[%clk 1:01:16]} 23. Kb2 {[%clk 0:40:39]}  Qe8 {[%clk 0:58:34]} 24. Ra1 {[%clk 0:39:00]}  c6 {[%clk 0:56:45]} 25. Rhc1 {[%clk 0:28:53]}  Nfd7 {[%clk 0:52:49]} 26. Bf1 {[%clk 0:28:43]}  Kh7 {[%clk 0:52:52]} 27. Qd1 {[%clk 0:23:24]}  cxd5 {[%clk 0:50:27]} 28. cxd5 {[%clk 0:23:35]}  Ba6 {[%clk 0:49:37]} 29. Bxa6 {[%clk 0:23:05]}  Rxa6 {[%clk 0:49:51]} 30. Qe2 {[%clk 0:23:24]}  Nb8 {[%clk 0:47:11]} 31. Nb5 {[%clk 0:20:07]}  Bf8 {[%clk 0:45:43]} 32. b4 {[%clk 0:15:24]}  axb4 {[%clk 0:44:42]} 33. axb4 {[%clk 0:15:48]}  Rxa1 {[%clk 0:44:14]} 34. Rxa1 {[%clk 0:16:13]}  Nca6 {[%clk 0:44:00]} 35. Kb3 {[%clk 0:15:11]}  Rb7 {[%clk 0:38:52]} 36. Qc4 {[%clk 0:14:15]}  Qd7 {[%clk 0:37:52]} 37. Rc1 {[%clk 0:14:36]}  Nc5+ {[%clk 0:35:24]} 38. Kc2 {[%clk 0:13:26]}  Nca6 {[%clk 0:33:51]} 39. Kd1 {[%clk 0:12:48]}  Be7 {[%clk 0:33:31]} 40. Ke2 {[%clk 0:08:06]}  Bd8 {[%clk 0:32:48]} 41. Nb1 {[%clk 0:08:26]}  Nc7 {[%clk 0:32:49]} 42. N1a3 {[%clk 0:08:43]}  Kg7 {[%clk 0:28:45]} 43. Qd3 {[%clk 0:05:53]}  Kf8 {[%clk 0:27:32]} 44. Rc2 {[%clk 0:04:23]}  Nca6 {[%clk 0:25:46]} 45. Be1 {[%clk 0:04:33]}  Ke7 {[%clk 0:25:23]} 46. Qc4 {[%clk 0:04:09]}  Nc7 {[%clk 0:18:57]} 47. Qd3 {[%clk 0:03:17]}  Nca6 {[%clk 0:18:41]} 48. Rc4 {[%clk 0:02:22]}  Qh3 {[%clk 0:17:01]} 49. Bf2 {[%clk 0:02:32]}  Qd7 {[%clk 0:15:24]} 50. Qc3 {[%clk 0:02:21]}  Bc7 {[%clk 0:14:52]} 51. Rc6 {[%clk 0:28:24]}  Qd8 {[%clk 0:42:00]} 52. Nxc7 {[%clk 0:24:50]}  Nxc6 {[%clk 0:39:34]} 53. Nxa6 {[%clk 0:25:05]}  Nb8 {[%clk 0:38:31]} 54. Nxb8 {[%clk 0:21:36]}  Rxb8 {[%clk 0:38:06]} 55. Qc6 {[%clk 0:20:29]}  b5 {[%clk 0:33:56]} 56. Nxb5 {[%clk 0:14:36]}  Qd7 {[%clk 0:33:43]} 57. Na7 {[%clk 0:14:47]}  Rxb4 {[%clk 0:26:28]} 58. Nc8+ {[%clk 0:15:00]}  Ke8 {[%clk 0:24:56]} 59. Nxd6+ {[%clk 0:15:14]}  Ke7 {[%clk 0:24:39]} 60. Nf5+ {[%clk 0:11:55]}  Ke8 {[%clk 0:21:31]} 61. Qxg6+ {[%clk 0:12:04]}  Kd8 {[%clk 0:21:41]} 62. Qd6 {[%clk 0:11:53]}  Rb2+ {[%clk 0:21:37]} 63. Kf1 {[%clk 0:12:19]}  Rb1+ {[%clk 0:20:19]} 64. Kg2 {[%clk 0:12:43]}  Rb2 {[%clk 0:20:32]} 65. Qxd7+ {[%clk 0:11:48]}  Kxd7 {[%clk 0:20:59]} 66. Ng7 {[%clk 0:12:11]} 1-0